000 00593nam a22001937a 4500
005 20250228113820.0
008 250228b |||||||| |||| 00| 0 eng d
020 _a9780072461282
050 _aHF5415.1 BEA
100 _aBearden William O.
245 _aMarketing:
_bPrinciples & Perspectives/
_cWilliam O. Bearden, Thomas N. Ingram & Raymond W. LaForge
250 _a3rd Ed.
260 _aBoston
_bMcGraw-Hill/Irwin
_c2001
300 _axxxvii. 596p.
_bill. col.
_c28 cm
650 _2Marketing
700 _aIngram Thomas N.
700 _aLaForge Raymond W.
942 _2lcc
_cBK
_e3rd Ed.
_n0
999 _c4420
_d4420